El cambio climático en la Cuenca del Plata (Registro nro. 8073)

Detalles MARC
000 -CABECERA
Campo de control interno 01751nam a2200229Ia 4500
008 - ELEMENTOS DE LONGITUD FIJA - INFORMACIÓN GENERAL
Campo de control de longitud fija 260220t2006||||xx |||||||||||||| ||spa||
040 ## - FUENTE DE CATALOGACIÓN
Agencia de catalogación original PY-SlUNAC
Idioma de catalogación spa
Convenciones de descripción rda
041 ## - CÓDIGO DE IDIOMA
Código de idioma para texto/pista de sonido o título separado spa
082 ## - NÚMERO DE CLASIFICACIÓN DECIMAL DEWEY
Clasificación Decimal Dewey (CDD) 551.6
Clasificación Expansiva de Cutter (EC) C142c
245 #0 - TÍTULO
Título El cambio climático en la Cuenca del Plata
264 ## - PIE DE IMPRENTA
Lugar Buenos Aires :
Editorial CIUSA,
Año ℗2006.
300 ## - DESCRIPCIÓN FÍSICA
Páginas 1 volumen
520 ## - NOTA DE RESUMEN
Nota de resumen El libro "El cambio climático en la Cuenca del Plata", publicado por CIUSA en 2006, aborda las implicaciones del cambio climático en una de las regiones hídricas más importantes de América del Sur. A través de un análisis multidisciplinario, se examinan las variaciones climáticas que afectan la cuenca, incluyendo la precipitación, la temperatura y sus efectos en los ecosistemas y la agricultura. Los autores presentan modelos climáticos que predicen escenarios futuros, destacando la vulnerabilidad de las comunidades que dependen de los recursos hídricos. Además, se discuten las políticas de adaptación y mitigación necesarias para enfrentar estos desafíos ambientales, enfatizando la importancia de la cooperación regional y la integración de estrategias sostenibles. El libro también resalta la necesidad de una mayor investigación y monitoreo para comprender mejor los procesos climáticos y su impacto en la biodiversidad y la economía local. En conjunto, la obra se erige como un recurso esencial para investigadores, responsables de políticas y activistas en la lucha contra el cambio climático.
653 ## - MATERIA - TÉRMINO TEMÁTICO NO CONTROLADO (PALABRAS CLAVE)
Materia - término temático no controlado (palabras clave) Cambio climático
653 ## - MATERIA - TÉRMINO TEMÁTICO NO CONTROLADO (PALABRAS CLAVE)
Materia - término temático no controlado (palabras clave) Cuenca del Plata
653 ## - MATERIA - TÉRMINO TEMÁTICO NO CONTROLADO (PALABRAS CLAVE)
Materia - término temático no controlado (palabras clave) Medio ambiente
942 ## - ELEMENTOS PERSONALIZADOS (KOHA)
Fecha catalogación 2026/02/17
Tipo de documento Libros
Existencias
Fuente de Clasificacion Colección Ubicacion permanente Biblioteca actual Fecha de Ingreso a la Biblioteca Origen de adquisición Código de ubicación Código de barras Tipo de Item KOHA Nota pública
Dewey Decimal Classification Colección General (CG) Biblioteca e Internet, Facultad de Ciencias Exactas y Naturales Biblioteca e Internet, Facultad de Ciencias Exactas y Naturales 02/20/2026 Donación 551.6 C142c CG1433 Libros Material disponible en la Biblioteca e Intenet, Campus UNA, San Lorenzo.